| 000 | 00829nam a2200217 i 4500 | ||
|---|---|---|---|
| 001 | bg | ||
| 245 | 0 | 0 |
_aJakość energii elektrycznej w sieciach niskiego napięcia : _bzmiana zasad projektowania sieci dla poprawy jakości energii elektrycznej / _cAndrás Dán [et al.]. |
| 250 | _aWyd. 3 popr. | ||
| 260 |
_aWrocław : _bPolskie Centrum Promocji Miedzi, _c2002. |
||
| 300 |
_a47 s. : _bil. ; _c30 cm. |
||
| 500 | _aOprac. na podst. czeskiego wydania pt.: Kvalita dodávané elektrcké energie v sítích nízkého nap~1xtí". | ||
| 650 | 9 | _aEnergia elektryczna | |
| 650 | 9 |
_aSieć elektryczna _xprojektowanie |
|
| 650 | 9 |
_aJakość produktu _xelektroenergetyka |
|
| 700 | 1 | _aDán, András | |
| 040 | _cBPK | ||
| 041 | 1 |
_apol _hcze |
|
| 080 | _a621.315:658.56 | ||
| 942 | _cKS | ||
| 008 | s pl f |000 0 pol | ||
| 999 |
_c42802 _d42802 |
||
| 856 |
_uhttp://koha.tu.koszalin.pl/cgi-bin/koha/opac-detail.pl?biblionumber=42802 _yKatalog online BPK |
||